000 00379nam a2200169Ia 4500
001 14494
003 IN-NITTTR
005 20251114233136.0
008 251113s9999||||xx |||||||||||||| ||eng||
040 _beng
040 _cIN-NITTTR
041 _aeng
082 _a823 S43I
100 _aSheldon, Sidney
245 0 _aIf tomorrow comes. /
_cSheldon, Sidney
942 _2ddc
_cBK
999 _c17130
_d17130